[Event "IECG WC.2002.S.00008 email"]
[Site "IECG email"]
[Date "2000.??.??"]
[Round "?"]
[White "Mascioni, Vania D"]
[Black "Della Valle, Massimo"]
[Result "0-1"]
[WhiteElo "2315"]
[BlackElo "1600"]
[PlyCount "86"]
[EventDate "2000.03.10"]
[EventType "tourn (corr)"]
[EventRounds "8"]
[SourceTitle "Corr 2008"]
[Source "ChessBase"]
[SourceDate "2008.06.24"]
[SourceVersion "1"]
[SourceVersionDate "2008.06.24"]
[SourceQuality "1"]

1. e4 e5 2. Nf3 Nf6 3. Nxe5 d6 4. Nf3 Nxe4 5. d4 d5 6. Bd3 Nc6 7. 0-0 Bg4 8. c4 Nf6 9. Nc3 Bxf3 10. Qxf3 Nxd4 11. Qh3 Ne6 12. cxd5 Nxd5 13. Re1 Nxc3 14. bxc3 Qf6 15. Bf5 Be7 16. Rb1 b6 17. Rb2 0-0-0 18. Rbe2 Kb8 19. Bxe6 fxe6 20. Rxe6 Qf7 21. a4 Rhf8 22. R6e2 Bf6 23. Qxh7 Bxc3 24. Rf1 Bd4 25. Qc2 Qf5 26. h3 Qxc2 27. Rxc2 Rde8 28. Rd1 c5 29. Kf1 Rf7 30. Bg5 a6 31. f4 b5 32. axb5 axb5 33. h4 b4 34. Re2 Ref8 35. Re6 b3 36. Ke2 Kc7 37. g4 Ra8 38. f5 b2 39. Kd3 Ra1 40. Ree1 Kc6 41. Kc2 Rfa7 42. Rb1 Kd5 43. Bd2 R7a3 0-1

[Event "IECG WC.1999.F.00001 email"]
[Site "IECG email"]
[Date "1999.??.??"]
[Round "?"]
[White "Burkett, Max"]
[Black "Mascioni, Vania D"]
[Result "0-1"]
[WhiteElo "2249"]
[BlackElo "2324"]
[PlyCount "86"]
[EventDate "1999.08.05"]
[EventType "tourn (corr)"]
[EventRounds "12"]
[SourceTitle "Corr 2008"]
[Source "ChessBase"]
[SourceDate "2008.06.24"]
[SourceVersion "1"]
[SourceVersionDate "2008.06.24"]
[SourceQuality "1"]

1. e4 e5 2. Bc4 Nf6 3. d4 exd4 4. Nf3 Nxe4 5. Qxd4 Nf6 6. Nc3 c6 7. Bg5 d5 8. 0-0-0 Be7 9. Rhe1 Be6 10. Bd3 Nbd7 11. Qh4 Nc5 12. Nd4 Ng8 13. f4 Bxg5 14. fxg5 Ne7 15. Nxe6 Nxe6 16. g6 Nxg6 17. Rxe6+ fxe6 18. Bxg6+ Kd7 19. Qg4 Qe7 20. Be4 h5 21. Qg3 Qf6 22. Bf3 h4 23. Qg4 Kc7 24. Na4 b6 25. c4 Raf8 26. cxd5 exd5 27. Re1 Qf4+ 28. Qxf4+ Rxf4 29. Nc3 Kd6 30. h3 a5 31. Re2 Rhf8 32. Nd1 b5 33. Nc3 b4 34. Na4 Rd4 35. b3 c5 36. Nb6 g5 37. Rd2 Rxd2 38. Kxd2 Rf4 39. Nc8+ Ke5 40. Ke3 c4 41. bxc4 dxc4 42. Na7 b3 43. axb3 cxb3 0-1

[Event "IECG WC.1999.F.00001 email"]
[Site "IECG email"]
[Date "1999.??.??"]
[Round "?"]
[White "Daurelle, Herve"]
[Black "Mascioni, Vania D"]
[Result "1-0"]
[WhiteElo "2285"]
[BlackElo "2324"]
[PlyCount "125"]
[EventDate "1999.08.05"]
[EventType "tourn (corr)"]
[EventRounds "12"]
[SourceTitle "Corr 2008"]
[Source "ChessBase"]
[SourceDate "2008.06.24"]
[SourceVersion "1"]
[SourceVersionDate "2008.06.24"]
[SourceQuality "1"]

1. e4 e5 2. Nf3 Nc6 3. Bb5 a6 4. Ba4 Nf6 5. 0-0 Nxe4 6. d4 b5 7. Bb3 d5 8. dxe5 Be6 9. Nbd2 Nc5 10. c3 Bg4 11. Bc2 Be7 12. Re1 Qd7 13. Nf1 Rd8 14. Ne3 Bh5 15. b4 Ne6 16. Nf5 0-0 17. a4 Bg6 18. axb5 axb5 19. Qe2 d4 20. Qxb5 Bxf5 21. Bxf5 dxc3 22. Qc4 Nxb4 23. Qxc3 g6 24. Be4 f5 25. Bb1 Rfe8 26. Bd2 c6 27. Qc4 Nd5 28. Ba2 Bc5 29. Ng5 Bb6 30. Bb3 Nc5 31. Bc2 Ne6 32. Nf3 Rb8 33. Reb1 Bc5 34. Rxb8 Rxb8 35. Bd3 Bb6 36. h4 Bc5 37. h5 Nb6 38. Qc2 Rd8 39. Bf1 Nd5 40. Bc4 Bb6 41. Qb3 Rb8 42. Be3 Bc7 43. Qd3 Rd8 44. hxg6 hxg6 45. Ra7 Qe8 46. Qa3 Bb8 47. Ra8 Bc7 48. Rxd8 Nxd8 49. Bc5 Qd7 50. Qa7 Ne6 51. Bd6 Kh7 52. Qb7 Ndf4 53. g3 Nd5 54. Bxd5 cxd5 55. Bxc7 Qxc7 56. Qxd5 Nf8 57. e6 Qe7 58. Ng5+ Kg7 59. f4 Kg8 60. Kg2 Kg7 61. Kh3 Kh8 62. Qd4+ Kg8 63. Kh4 1-0

[Event "IECG WC.1999.F.00001 email"]
[Site "IECG email"]
[Date "1999.??.??"]
[Round "?"]
[White "Duriez, Jean Luc"]
[Black "Mascioni, Vania D"]
[Result "1/2-1/2"]
[WhiteElo "2250"]
[BlackElo "2324"]
[PlyCount "57"]
[EventDate "1999.08.05"]
[EventType "tourn (corr)"]
[EventRounds "12"]
[SourceTitle "Corr 2008"]
[Source "ChessBase"]
[SourceDate "2008.06.24"]
[SourceVersion "1"]
[SourceVersionDate "2008.06.24"]
[SourceQuality "1"]

1. d4 d5 2. c4 e6 3. Nc3 c6 4. e3 Nf6 5. Nf3 Nbd7 6. Qc2 Bd6 7. Be2 0-0 8. 0-0 dxc4 9. Bxc4 b5 10. Be2 Bb7 11. Rd1 Qc7 12. Bd2 a6 13. b4 a5 14. a3 e5 15. Rac1 Qb8 16. Qb1 axb4 17. axb4 exd4 18. exd4 Nb6 19. Bd3 h6 20. Ne4 Nxe4 21. Bxe4 Nc4 22. g3 Re8 23. Bc3 c5 24. Bxb7 Qxb7 25. dxc5 Qxf3 26. cxd6 Re2 27. Bd4 Rxf2 28. Bxf2 Ne3 29. Bxe3 1/2-1/2

[Event "IECG CP.1998.Q.00012"]
[Site "IECG email"]
[Date "1999.??.??"]
[Round "?"]
[White "Frost, Lionel B"]
[Black "Mascioni, Vania D"]
[Result "1/2-1/2"]
[WhiteElo "2176"]
[BlackElo "2315"]
[PlyCount "47"]
[EventDate "1999.10.01"]
[EventType "tourn (corr)"]
[EventRounds "8"]
[EventCountry "SUI"]
[SourceTitle "Corr 2008"]
[Source "ChessBase"]
[SourceDate "2008.06.24"]
[SourceVersion "1"]
[SourceVersionDate "2008.06.24"]
[SourceQuality "1"]

1. d4 d5 2. c4 e6 3. Nc3 c6 4. Nf3 dxc4 5. a4 Bb4 6. e4 b5 7. Be2 Bb7 8. 0-0 a6 9. Qc2 Nf6 10. Bg5 Qb6 11. Bxf6 gxf6 12. b3 cxb3 13. Qxb3 Be7 14. d5 cxd5 15. exd5 b4 16. Bc4 Nd7 17. a5 Qc7 18. dxe6 fxe6 19. Na4 Qf4 20. Rfe1 Ne5 21. Nxe5 fxe5 22. Bxe6 Rd8 23. Rad1 Rf8 24. f3 1/2-1/2

[Event "IECG CP.1998.Q.00012"]
[Site "IECG email"]
[Date "1999.??.??"]
[Round "?"]
[White "Neumann, Ulrich"]
[Black "Mascioni, Vania D"]
[Result "1/2-1/2"]
[WhiteElo "1378"]
[BlackElo "2315"]
[PlyCount "57"]
[EventDate "1999.10.01"]
[EventType "tourn (corr)"]
[EventRounds "8"]
[EventCountry "SUI"]
[SourceTitle "Corr 2008"]
[Source "ChessBase"]
[SourceDate "2008.06.24"]
[SourceVersion "1"]
[SourceVersionDate "2008.06.24"]
[SourceQuality "1"]

1. e4 e5 2. Nf3 Nc6 3. Bb5 a6 4. Ba4 Nf6 5. 0-0 Nxe4 6. d4 b5 7. Bb3 d5 8. dxe5 Be6 9. c3 Bc5 10. Nbd2 0-0 11. Bc2 Nxf2 12. Rxf2 f6 13. exf6 Bxf2+ 14. Kxf2 Qxf6 15. Nf1 Ne5 16. Be3 Rae8 17. Bc5 Nxf3 18. gxf3 Rf7 19. Kg2 Qg5+ 20. Ng3 d4 21. Bxd4 c5 22. Bf2 Rxf3 23. Be4 Bh3+ 24. Kxh3 Rxf2 25. Qd5+ Qxd5 26. Bxd5+ Kh8 27. b4 Rd8 28. Re1 g6 29. Re5 1/2-1/2

[Event "IECG WC.2000.S.00005 email"]
[Site "IECG email"]
[Date "1999.??.??"]
[Round "?"]
[White "Sirota, Anatoli V"]
[Black "Mascioni, Vania D"]
[Result "1/2-1/2"]
[WhiteElo "2500"]
[BlackElo "2326"]
[PlyCount "101"]
[EventDate "1999.05.08"]
[EventType "tourn (corr)"]
[EventRounds "10"]
[SourceTitle "Corr 2008"]
[Source "ChessBase"]
[SourceDate "2008.06.24"]
[SourceVersion "1"]
[SourceVersionDate "2008.06.24"]
[SourceQuality "1"]

1. d4 d5 2. c4 e6 3. Nc3 c6 4. e3 Nf6 5. Nf3 Nbd7 6. Qc2 Bd6 7. Bd3 0-0 8. 0-0 dxc4 9. Bxc4 Qe7 10. h3 e5 11. a3 Bb8 12. Ba2 h6 13. Nh4 Rd8 14. Nf5 Qe8 15. Bd2 Nf8 16. Rfd1 exd4 17. Nxd4 Qe5 18. f4 Qe7 19. Re1 a5 20. Rad1 Ba7 21. Kh1 Nh5 22. Nce2 Bxd4 23. exd4 Be6 24. Bxe6 Qxe6 25. f5 Qd6 26. Qb3 Qd7 27. Qf3 Nf6 28. Nc3 a4 29. Bc1 Ra5 30. Re5 Nd5 31. Rf1 Nh7 32. f6 Nhxf6 33. Qg3 Ne8 34. Bxh6 f6 35. Re2 Qf7 36. Rfe1 Nd6 37. Qg4 Rd7 38. Bxg7 f5 39. Qh4 Qxg7 40. Re6 Kf8 41. R1e5 b6 42. Rh6 Nf7 43. Rxf5 Kg8 44. Rxc6 Ne7 45. Rxa5 bxa5 46. Rc4 Nd6 47. Rxa4 Nef5 48. Qg4 Qxg4 49. hxg4 Ne3 50. Rxa5 Ndc4 51. Ra8+ 1/2-1/2

[Event "IECG CM.1998.0.00039"]
[Site "IECG email"]
[Date "1998.??.??"]
[Round "?"]
[White "Daurelle, Herve"]
[Black "Mascioni, Vania D"]
[Result "1/2-1/2"]
[WhiteElo "2311"]
[BlackElo "2299"]
[PlyCount "77"]
[EventDate "1998.02.19"]
[EventType "tourn (corr)"]
[EventRounds "6"]
[SourceTitle "Corr 2008"]
[Source "ChessBase"]
[SourceDate "2008.06.24"]
[SourceVersion "1"]
[SourceVersionDate "2008.06.24"]
[SourceQuality "1"]

1. e4 e5 2. Nf3 Nc6 3. Bb5 a6 4. Ba4 Nf6 5. 0-0 Nxe4 6. d4 b5 7. Bb3 d5 8. dxe5 Be6 9. Nbd2 Nc5 10. c3 Be7 11. Bc2 Bg4 12. Re1 0-0 13. Nb3 Re8 14. h3 Nxb3 15. axb3 Bh5 16. e6 Rf8 17. exf7+ Bxf7 18. Nd4 Nxd4 19. Qxd4 c5 20. Qe5 Bf6 21. Qf5 g6 22. Qf3 Bg5 23. Bxg5 Qxg5 24. Qe3 Qxe3 25. Rxe3 Rfe8 26. Bd3 Kg7 27. Rxe8 Bxe8 28. Be2 Ra7 29. Bf3 Bf7 30. h4 a5 31. b4 cxb4 32. cxb4 a4 33. Be2 Rc7 34. Bxb5 Rb7 35. Bxa4 Rxb4 36. Bc6 Rb6 37. Rc1 d4 38. Be4 Rxb2 39. Rc7 1/2-1/2

[Event "IECG CM.1998.0.00047"]
[Site "IECG email"]
[Date "1998.??.??"]
[Round "?"]
[White "Dikmen, Ali Semih"]
[Black "Mascioni, Vania D"]
[Result "0-1"]
[WhiteElo "2207"]
[BlackElo "2299"]
[PlyCount "54"]
[EventDate "1998.05.17"]
[EventType "tourn (corr)"]
[EventRounds "6"]
[SourceTitle "Corr 2008"]
[Source "ChessBase"]
[SourceDate "2008.06.24"]
[SourceVersion "1"]
[SourceVersionDate "2008.06.24"]
[SourceQuality "1"]

1. e4 e5 2. Nf3 Nc6 3. Bb5 a6 4. Ba4 Nf6 5. 0-0 Nxe4 6. d4 b5 7. Bb3 d5 8. dxe5 Be6 9. Be3 Be7 10. c3 Na5 11. Nd4 0-0 12. Nd2 Nxd2 13. Qxd2 c5 14. Nxe6 fxe6 15. Bc2 Nc4 16. Qd3 g6 17. Bh6 Rf7 18. Qg3 Bf8 19. Bxf8 Kxf8 20. b3 Na3 21. Bd3 Qe7 22. Rad1 Kg7 23. f4 Raf8 24. Rf2 a5 25. c4 bxc4 26. bxc4 Nxc4 27. Rc1 Nxe5 0-1

[Event "IECG CP.1996.F.00002"]
[Site "IECG email"]
[Date "1998.??.??"]
[Round "?"]
[White "Dimitriadis, Michael"]
[Black "Mascioni, Vania D"]
[Result "1/2-1/2"]
[WhiteElo "2101"]
[BlackElo "2327"]
[PlyCount "107"]
[EventDate "1998.10.20"]
[EventType "tourn (corr)"]
[EventRounds "8"]
[SourceTitle "Corr 2008"]
[Source "ChessBase"]
[SourceDate "2008.06.24"]
[SourceVersion "1"]
[SourceVersionDate "2008.06.24"]
[SourceQuality "1"]

1. d4 d5 2. c4 e6 3. Nc3 c6 4. Nf3 dxc4 5. a4 Bb4 6. e3 b5 7. Bd2 a5 8. axb5 Bxc3 9. Bxc3 cxb5 10. b3 Bb7 11. bxc4 b4 12. Bb2 Nf6 13. Bd3 Nbd7 14. 0-0 0-0 15. Re1 Re8 16. c5 Bc6 17. Bc2 Qc7 18. Nd2 Red8 19. e4 h6 20. Bc1 Ra6 21. e5 Nd5 22. Ne4 Rb8 23. Qg4 Kh8 24. Nd6 Nf8 25. Qh5 Kg8 26. Bxh6 gxh6 27. Qxh6 b3 28. Bd3 Ra7 29. Re4 f5 30. exf6 Nxf6 31. Re3 Qg7 32. Rg3 Ng4 33. Qf4 b2 34. Rb1 Rb3 35. Rxg4 Rxd3 36. Rxg7+ Rxg7 37. Ne4 Bxe4 38. Qxe4 Rd2 39. Kf1 a4 40. Qe3 Rc2 41. Qa3 Rb7 42. c6 Rb3 43. Qxa4 Rbc3 44. d5 Rc4 45. Qb3 R4c3 46. Rxb2 Rc1+ 47. Ke2 Rxb3 48. Rxb3 exd5 49. Rd3 Rc5 50. Kd2 Rxc6 51. Rxd5 Rf6 52. Ke2 Rh6 53. h3 Ne6 54. Kf1 1/2-1/2

[Event "IECG CM.1998.0.00039"]
[Site "IECG email"]
[Date "1998.??.??"]
[Round "?"]
[White "Koch, Christian"]
[Black "Mascioni, Vania D"]
[Result "0-1"]
[WhiteElo "2393"]
[BlackElo "2299"]
[PlyCount "34"]
[EventDate "1998.02.19"]
[EventType "tourn (corr)"]
[EventRounds "6"]
[SourceTitle "Corr 2008"]
[Source "ChessBase"]
[SourceDate "2008.06.24"]
[SourceVersion "1"]
[SourceVersionDate "2008.06.24"]
[SourceQuality "1"]

1. e4 e5 2. Nf3 Nc6 3. Bb5 a6 4. Bxc6 dxc6 5. 0-0 Qd6 6. Na3 Be6 7. Qe2 f6 8. Nc4 Qd7 9. Rd1 c5 10. c3 Bg4 11. h3 Bh5 12. d4 cxd4 13. cxd4 exd4 14. Bf4 Rd8 15. e5 d3 16. Qe3 Ne7 17. Rxd3 Qxd3 0-1

[Event "IECG CP.1997.S.00003"]
[Site "IECG email"]
[Date "1998.??.??"]
[Round "?"]
[White "Mascioni, Vania D"]
[Black "Borst, John C"]
[Result "1-0"]
[WhiteElo "2342"]
[BlackElo "1862"]
[PlyCount "183"]
[EventDate "1998.11.20"]
[EventType "tourn (corr)"]
[EventRounds "10"]
[SourceTitle "Corr 2008"]
[Source "ChessBase"]
[SourceDate "2008.06.24"]
[SourceVersion "1"]
[SourceVersionDate "2008.06.24"]
[SourceQuality "1"]

1. e4 e5 2. Nf3 Nc6 3. Bb5 a6 4. Ba4 Nf6 5. 0-0 Be7 6. Re1 b5 7. Bb3 0-0 8. c3 d5 9. exd5 Nxd5 10. Nxe5 Nxe5 11. Rxe5 c6 12. d4 Bd6 13. Re1 Qh4 14. g3 Qh3 15. Re4 g5 16. Qf3 Bf5 17. Bxd5 cxd5 18. Re3 Rad8 19. Nd2 Rfe8 20. a4 b4 21. c4 dxc4 22. Nxc4 Bd3 23. Nd2 Rxe3 24. Qxe3 Qf5 25. f3 Bc7 26. b3 Bb6 27. Bb2 Qf6 28. Rd1 Bg6 29. Nc4 Ba7 30. Rd2 Rd5 31. Qe8+ Kg7 32. Kg2 Qd8 33. Qc6 g4 34. fxg4 Be4+ 35. Kg1 Kg8 36. Qxa6 Bxd4+ 37. Bxd4 Rxd4 38. Qh6 Rd3 39. Rxd3 Qxd3 40. Qg5+ Kf8 41. Nd2 Qd4+ 42. Kf1 Bc2 43. Kg2 Bd1 44. Kh3 Bxg4+ 45. Qxg4 Qxd2 46. Qc8+ Kg7 47. Qc4 Qc3 48. Qd5 h6 49. a5 Qc8+ 50. Kg2 Qc2+ 51. Kf3 Qc3+ 52. Kg4 Qb2 53. Kh3 Qc3 54. Kg2 Qc2+ 55. Kf3 Qc3+ 56. Ke2 Qb2+ 57. Kd3 Qc3+ 58. Ke4 Qe1+ 59. Kf5 Qf2+ 60. Ke5 Qxh2 61. Kd6 Kg8 62. Qd3 Qf2 63. Kc6 Qf6+ 64. Qd6 Qf3+ 65. Kb5 Qe2+ 66. Kxb4 Qe1+ 67. Ka4 Qa1+ 68. Kb5 Qf1+ 69. Kb6 Qf2+ 70. Kb7 Qf3+ 71. Ka7 Qe3+ 72. Qb6 Qe7+ 73. Ka8 Qe4+ 74. Qb7 Qd3 75. Qc8+ Kg7 76. Qg4+ Kh7 77. b4 f5 78. Qf4 Kg6 79. Qc7 Qa6+ 80. Kb8 Kh5 81. Qe5 Kg4 82. Qf4+ Kh3 83. Kc7 Qa7+ 84. Kc6 Qa6+ 85. Kc5 Qc8+ 86. Kd6 Kg2 87. Ke5 Qf8 88. Ke6 h5 89. Qd6 Qc8+ 90. Kf6 Kh3 91. Kg5 Qe8 92. a6 1-0

[Event "IECG CM.1998.0.00039"]
[Site "IECG email"]
[Date "1998.??.??"]
[Round "?"]
[White "Mascioni, Vania D"]
[Black "Burkett, Max"]
[Result "1-0"]
[WhiteElo "2299"]
[BlackElo "2258"]
[PlyCount "53"]
[EventDate "1998.02.19"]
[EventType "tourn (corr)"]
[EventRounds "6"]
[SourceTitle "Corr 2008"]
[Source "ChessBase"]
[SourceDate "2008.06.24"]
[SourceVersion "1"]
[SourceVersionDate "2008.06.24"]
[SourceQuality "1"]

1. e4 e5 2. Nf3 Nc6 3. Bb5 a6 4. Ba4 Nf6 5. 0-0 Nxe4 6. d4 b5 7. Bb3 d5 8. dxe5 Be6 9. Be3 Be7 10. c3 0-0 11. Nbd2 Nxd2 12. Qxd2 Na5 13. Nd4 Qd7 14. Nxe6 fxe6 15. Bc2 c5 16. Qe2 Rf7 17. a4 b4 18. cxb4 cxb4 19. Bd3 Nb3 20. Rad1 Qc7 21. Qh5 g5 22. Rfe1 Nc5 23. Rc1 Qa5 24. Bb1 Nxa4 25. Rc6 Nxb2 26. Rxe6 b3 27. Rf1 1-0

[Event "IECG WC.1999.S.00004 email"]
[Site "IECG email"]
[Date "1998.??.??"]
[Round "?"]
[White "Mascioni, Vania D"]
[Black "Duriez, Jean Luc"]
[Result "1-0"]
[WhiteElo "2300"]
[BlackElo "2274"]
[PlyCount "65"]
[EventDate "1998.06.10"]
[EventType "tourn (corr)"]
[EventRounds "8"]
[SourceTitle "Corr 2008"]
[Source "ChessBase"]
[SourceDate "2008.06.24"]
[SourceVersion "1"]
[SourceVersionDate "2008.06.24"]
[SourceQuality "1"]

1. e4 c6 2. d4 d5 3. Nc3 dxe4 4. Nxe4 Nd7 5. Ng5 Ngf6 6. Bd3 e6 7. N1f3 Bd6 8. Qe2 h6 9. Ne4 Nxe4 10. Qxe4 Nf6 11. Qe2 Qc7 12. Bd2 b6 13. 0-0-0 Bb7 14. Ne5 c5 15. Bb5+ Ke7 16. dxc5 Qxc5 17. a3 Nd5 18. Kb1 Rhd8 19. Bd3 Rac8 20. Qh5 Bxe5 21. Qxe5 Kf8 22. Rhe1 Kg8 23. Qg3 Qc7 24. f4 a6 25. c4 Nf6 26. Bc3 Ne8 27. Qg4 Rxd3 28. Rxd3 Qxc4 29. Rd4 Qc5 30. Re5 Qc7 31. Re3 a5 32. Rg3 b5 33. Qh5 1-0

[Event "IECG CP.1996.F.00002"]
[Site "IECG email"]
[Date "1998.??.??"]
[Round "?"]
[White "Mascioni, Vania D"]
[Black "Rosch, Hermann V"]
[Result "1-0"]
[WhiteElo "2327"]
[BlackElo "2276"]
[PlyCount "89"]
[EventDate "1998.10.20"]
[EventType "tourn (corr)"]
[EventRounds "8"]
[SourceTitle "Corr 2008"]
[Source "ChessBase"]
[SourceDate "2008.06.24"]
[SourceVersion "1"]
[SourceVersionDate "2008.06.24"]
[SourceQuality "1"]

1. e4 e5 2. Nf3 Nc6 3. Bb5 a6 4. Ba4 Nf6 5. 0-0 Be7 6. Re1 b5 7. Bb3 0-0 8. a4 Bb7 9. d3 d6 10. Nc3 Na5 11. Ba2 b4 12. Ne2 c5 13. c3 bxc3 14. bxc3 c4 15. Ng3 Nd7 16. Ba3 g6 17. d4 Qc7 18. Rb1 Rab8 19. Qc2 Rfc8 20. Red1 Ba8 21. Nf1 Bf8 22. Rxb8 Rxb8 23. Ne3 exd4 24. cxd4 d5 25. Bxf8 dxe4 26. Nd2 Rxf8 27. d5 Nb6 28. Nxe4 f5 29. d6 Qc6 30. Qc3 Qxe4 31. d7 Rd8 32. Qxa5 Rxd7 33. Rxd7 Nxd7 34. Qd8+ Nf8 35. Bxc4+ Kg7 36. Qc7+ Kh6 37. Qd6 Kg7 38. Qc7+ Kh6 39. Qf7 Qb1+ 40. Bf1 Qb4 41. Qf6 Qc5 42. g4 fxg4 43. Nxg4+ Kh5 44. Ne5 Qc1 45. h4 1-0

[Event "IECG CP.1996.F.00002"]
[Site "IECG email"]
[Date "1998.??.??"]
[Round "?"]
[White "Mascioni, Vania D"]
[Black "Schmidt, Wolfgang M"]
[Result "1-0"]
[WhiteElo "2327"]
[BlackElo "2034"]
[PlyCount "53"]
[EventDate "1998.10.20"]
[EventType "tourn (corr)"]
[EventRounds "8"]
[SourceTitle "Corr 2008"]
[Source "ChessBase"]
[SourceDate "2008.06.24"]
[SourceVersion "1"]
[SourceVersionDate "2008.06.24"]
[SourceQuality "1"]

1. e4 d5 2. exd5 Nf6 3. Bb5+ Nbd7 4. c4 a6 5. Ba4 b5 6. cxb5 Nxd5 7. Nc3 N5b6 8. Bc2 Bb7 9. Nf3 axb5 10. Nxb5 Nd5 11. d4 e6 12. 0-0 Be7 13. Bd3 N7f6 14. Bd2 0-0 15. Qb3 Nb6 16. Bf4 Nbd5 17. Be5 c5 18. Rfc1 Nb4 19. Bc4 Ng4 20. Bg3 h5 21. h3 Nf6 22. Bc7 Qd7 23. Ne5 Qc8 24. Bd6 Bxd6 25. Nxd6 Qb8 26. Nxb7 Qxb7 27. a3 1-0

[Event "IECG CP.1996.F.00002"]
[Site "IECG email"]
[Date "1998.??.??"]
[Round "?"]
[White "Siefring, Carl L"]
[Black "Mascioni, Vania D"]
[Result "1-0"]
[WhiteElo "1997"]
[BlackElo "2327"]
[PlyCount "59"]
[EventDate "1998.10.20"]
[EventType "tourn (corr)"]
[EventRounds "8"]
[SourceTitle "Corr 2008"]
[Source "ChessBase"]
[SourceDate "2008.06.24"]
[SourceVersion "1"]
[SourceVersionDate "2008.06.24"]
[SourceQuality "1"]

1. e4 e5 2. f4 exf4 3. Nf3 g5 4. h4 g4 5. Ne5 Nf6 6. Bc4 d5 7. exd5 Bd6 8. d4 Nh5 9. Bb5+ Kf8 10. Nc3 Ng3 11. Rg1 Qxh4 12. Bxf4 f6 13. Qd3 Nh5+ 14. g3 Nxf4 15. Qf1 Qh2 16. gxf4 Qxc2 17. Rg2 Qf5 18. Nxg4 Bd7 19. Bd3 Qh5 20. Qg1 Qh3 21. Ne5 Qh4+ 22. Kd2 Bh3 23. Qf2 Qh6 24. Rh1 fxe5 25. dxe5 Bxe5 26. Qe3 Bxc3+ 27. bxc3 Nd7 28. Rxh3 Qd6 29. Qg3 Ke8 30. Qg7 1-0